Project Management : A Systems Approach to Planning , Scheduling and Controlling (Record no. 98133)

MARC details
000 -LEADER
fixed length control field 00382nam a2200145Ia 4500
008 - FIXED-LENGTH DATA ELEMENTS--GENERAL INFORMATION
fixed length control field 230211s9999 xx 000 0 und d
020 ## - INTERNATIONAL STANDARD BOOK NUMBER
International Standard Book Number 8123908679
041 ## - LANGUAGE CODE
Language code of text/sound track or separate title eng
082 ## - DEWEY DECIMAL CLASSIFICATION NUMBER
Classification number 658.404
100 ## - MAIN ENTRY--PERSONAL NAME
Personal name Kerzner H
245 ## - TITLE STATEMENT
Title Project Management : A Systems Approach to Planning , Scheduling and Controlling
260 ## - PUBLICATION, DISTRIBUTION, ETC. (IMPRINT)
Name of publisher, distributor, etc. CBS Publishers
Date of publication, distribution, etc. 2004
300 ## - PHYSICAL DESCRIPTION
Extent 938p
906 ## - LOCAL DATA ELEMENT F, LDF (RLIN)
b 10.0
Holdings
Withdrawn status Lost status Damaged status Not for loan Home library Current library Date acquired Vendor Cost, normal purchase price Full call number Barcode Date last seen Cost, replacement price Bill Date Koha item type Original Barcode
        Dr. Bhanuben Nanavati College of Architecture Dr. Bhanuben Nanavati College of Architecture 16/04/2008 Word Book Shop. 260.00 658.404 BNCA-YC-15 11/02/2023 234.00 11/02/2023 YC BOOK YC00015
        Dr. Bhanuben Nanavati College of Architecture Dr. Bhanuben Nanavati College of Architecture 13/11/2008 Om Book Stall 260.00 658.404 BNCA-YC-33 11/02/2023 208.00 11/02/2023 YC BOOK YC00033